UM Logo

Parasitic effect compensation method for IGBT ON-state voltage measurement in traction inverter application / (Record no. 19142)

MARC details
000 -LEADER
fixed length control field 01094nam a22002657a 4500
003 - CONTROL NUMBER IDENTIFIER
control field OSt
005 - DATE AND TIME OF LATEST TRANSACTION
control field 20250911153418.0
008 - FIXED-LENGTH DATA ELEMENTS--GENERAL INFORMATION
fixed length control field 240214b ||||| |||| 00| 0 eng d
040 ## - CATALOGING SOURCE
Transcribing agency 0
082 ## - DEWEY DECIMAL CLASSIFICATION NUMBER
Classification number DPer 621.317 Ie21 May 2022 v. 37 n. 5
100 ## - MAIN ENTRY--PERSONAL NAME
Personal name Peng, Yingzhou.
Relator term author.
9 (RLIN) 52345
245 ## - TITLE STATEMENT
Title Parasitic effect compensation method for IGBT ON-state voltage measurement in traction inverter application /
Statement of responsibility, etc. Yingzhou Peng, Kaiqi Chu, Shujia Mu, Hu Cao, and Huai Wang.
260 ## - PUBLICATION, DISTRIBUTION, ETC. (IMPRINT)
Place of publication, distribution, etc. New York ;
Name of publisher, distributor, etc. The Institute of Electrical and Electronics Engineers, Inc. ,
Date of publication, distribution, etc. May 2022.
300 ## - PHYSICAL DESCRIPTION
Extent Volume 37, pages 4937-4941 :
Other physical details illustration ;
Dimensions 28 cm.
500 ## - GENERAL NOTE
General note IEEE Transactions on Power Electronics, v. 37 n. 5, pages 4937-4941, May 2022.
650 #0 - SUBJECT ADDED ENTRY--TOPICAL TERM
Topical term or geographic name as entry element Current measurement.
9 (RLIN) 65721
650 #0 - SUBJECT ADDED ENTRY--TOPICAL TERM
Topical term or geographic name as entry element Switches.
9 (RLIN) 65864
650 #0 - SUBJECT ADDED ENTRY--TOPICAL TERM
Topical term or geographic name as entry element Voltage measurement.
9 (RLIN) 65722
700 ## - ADDED ENTRY--PERSONAL NAME
Personal name Peng, Yingzhou.
Relator term author.
9 (RLIN) 52345
700 ## - ADDED ENTRY--PERSONAL NAME
Personal name Chu, Kaiqi.
Relator term author.
9 (RLIN) 52346
700 ## - ADDED ENTRY--PERSONAL NAME
Personal name Mu, Shujia.
Relator term author.
9 (RLIN) 52347
700 ## - ADDED ENTRY--PERSONAL NAME
Personal name Cao, Hu.
Relator term author.
9 (RLIN) 52348
700 ## - ADDED ENTRY--PERSONAL NAME
Personal name Wang, Huai.
Relator term author.
9 (RLIN) 52349
942 ## - ADDED ENTRY ELEMENTS (KOHA)
Source of classification or shelving scheme Dewey Decimal Classification
Koha item type Periodicals
Holdings
Withdrawn status Lost status Source of classification or shelving scheme Damaged status Not for loan Collection code Home library Current library Date acquired Total Checkouts Full call number Date last seen Price effective from Koha item type Public note
    Dewey Decimal Classification     Periodicals UM Digos College - LIC UM Digos College - LIC 02/14/2024   DPer 621.317 Ie21 May 2022 v. 37 n. 5 02/14/2024 02/14/2024 Periodicals Periodical Article